[Event "LXVIII ch-ESP Abierto"]
[Site "?"]
[Date "2003.10.25"]
[Round "2"]
[White "Fernandez Romero Ernesto"]
[Black "Pascual Paredes Javier"]
[Result "1-0"]
[WhiteElo "2445"]
[BlackElo "2252"]
[PlyCount "127"]
[EventDate "2003.??.??"]
[Source "www.chesslib.no"]
[SourceDate "2004.05.04"]

1. e4 c5 2. Nf3 d6 3. d4 cxd4 4. Nxd4 Nf6 5. Nc3 a6 6. Bg5 e6 7. f4 Be7 8. Qf3 Nc6 9. Nxc6 bxc6 10. O-O-O Nd7 11. Bxe7 Qxe7 12. h4 Rb8 13. h5 O-O 14. h6 g6 15. g4 d5 16. Qe3 Qb4 17. b3 Nf6 18. g5 Nd7 19. Bh3 Qc5 20. Qd2 Nb6 21. Qd4 Qxd4 22. Rxd4 c5 23. Rd2 d4 24. Ne2 Bb7 25. Re1 e5 26. fxe5 Rbe8 27. c3 Rxe5 28. cxd4 cxd4 29. Rxd4 Rxg5 30. Rb4 Bc8 31. Rxb6 Bxh3 32. Nf4 Bc8 33. Nd5 Kh8 34. Rb8 Rh5 35. Kb1 Rxd5 36. Rxc8 Rxc8 37. exd5 Kg8 38. Re7 Rd8 39. Ra7 f5 40. Rxa6 Rxd5 41. Ra8+ Kf7 42. Ra7+ Kf6 43. Rxh7 f4 44. Rh8 g5 45. Kc2 Kg6 46. a4 Re5 47. b4 Re4 48. Kc3 Re3+ 49. Kd4 Re7 50. h7 Rf7 51. Rg8+ Kxh7 52. Rxg5 f3 53. Rg1 Rf4+ 54. Kc5 f2 55. Rf1 Rf5+ 56. Kd6 Kg6 57. b5 Rf6+ 58. Kc7 Rf7+ 59. Kc6 Rf6+ 60. Kb7 Kf7 61. a5 Ke6 62. a6 Kd6 63. a7 Rf7+ 64. Kb6 1-0

[Event "Memorial Keres B"]
[Site "Tallinn EST"]
[Date "2007.01.09"]
[Round "5"]
[White "Lauk, U."]
[Black "Rogule, L."]
[Result "1-0"]
[WhiteElo "2367"]
[BlackElo "2329"]
[PlyCount "53"]
[EventDate "2007.01.06"]
[Source "www.chesslib.no"]
[SourceDate "2004.05.04"]

1. e4 c5 2. Nf3 d6 3. d4 cxd4 4. Nxd4 Nf6 5. Nc3 a6 6. Bg5 e6 7. f4 Be7 8. Qf3 Qb6 9. O-O-O Nc6 10. Nxc6 Qxc6 11. Bd3 b5 12. Rhe1 Bb7 13. Qg3 b4 14. Bxf6 gxf6 15. Ne2 O-O-O 16. Nd4 Qb6 17. Bc4 d5 18. exd5 Bxd5 19. Nf5 Bc5 20. Bxd5 Bf2 21. Ne7+ Kd7 22. Rxe6 fxe6 23. Qg7 Qe3+ 24. Kb1 Kd6 25. Nf5+ exf5 26. Qxf6+ Kd7 27. Bf3+ 1-0

[Event "21. Münsterland Open"]
[Site "?"]
[Date "2003.10.19"]
[Round "4.5"]
[White "Holzke Frank"]
[Black "Felczer Kevin"]
[Result "1/2-1/2"]
[WhiteElo "2471"]
[BlackElo "2223"]
[PlyCount "76"]
[EventDate "2003.??.??"]
[Source "www.chesslib.no"]
[SourceDate "2004.05.04"]

1. e4 c5 2. Nf3 d6 3. d4 cxd4 4. Nxd4 Nf6 5. Nc3 a6 6. Bg5 e6 7. f4 Be7 8. Qf3 Qa5 9. O-O-O Bd7 10. Bc4 Nc6 11. Bb3 h6 12. Bh4 Qh5 13. Bxf6 Qxf3 14. gxf3 Bxf6 15. Nxc6 Bxc3 16. bxc3 Bxc6 17. Rxd6 Ke7 18. Rd4 g5 19. f5 exf5 20. exf5 Kf6 21. Rhd1 Bxf3 22. Rd6+ Kxf5 23. Rf1 g4 24. Bxf7 Rad8 25. Rd5+ Kf6 26. h3 Kxf7 27. Rxd8 Rxd8 28. hxg4 Kg6 29. Rxf3 Rc8 30. Rd3 Kg5 31. Rd7 Kxg4 32. Rxb7 Rc6 33. Kd2 h5 34. Rg7+ Kf3 35. Rf7+ Ke4 36. Re7+ Kf3 37. Rf7+ Ke4 38. Re7+ Kf3 1/2-1/2

[Event "Oslo NOR"]
[Site "?"]
[Date "2006.04.09"]
[Round "2"]
[White "Bentsen Oyvind"]
[Black "Senff Martin"]
[Result "1/2-1/2"]
[WhiteElo "2211"]
[BlackElo "2476"]
[PlyCount "113"]
[EventDate "2006.??.??"]
[Source "www.chesslib.no"]
[SourceDate "2004.05.04"]

1. e4 c5 2. Nf3 d6 3. d4 cxd4 4. Nxd4 Nf6 5. Nc3 a6 6. Bg5 e6 7. f4 Be7 8. Qd2 h6 9. Bh4 Nxe4 10. Bxe7 Nxd2 11. Bxd8 Nxf1 12. Bc7 Ne3 13. Bxd6 b6 14. Kf2 Nc4 15. Bxb8 Rxb8 16. b3 Na5 17. Ne4 O-O 18. c4 Bb7 19. Nc3 Rfd8 20. Rhd1 Kf8 21. Na4 Rd6 22. Nc2 Rxd1 23. Rxd1 Bc6 24. Nc3 Ke7 25. Nb4 Bb7 26. g3 g5 27. f5 Nc6 28. Nxc6+ Bxc6 29. fxe6 fxe6 30. Rd2 Rf8+ 31. Ke1 Rf3 32. Nd1 a5 33. Nf2 Rf5 34. Ng4 h5 35. Ne3 Rf8 36. Nc2 h4 37. Nd4 Bd7 38. gxh4 gxh4 39. Rf2 Rg8 40. Nf3 h3 41. Ne5 Be8 42. Nd3 Bg6 43. Nf4 Bf5 44. Rf3 Rg1+ 45. Rf1 Rxf1+ 46. Kxf1 Kd6 47. Ke2 Kc5 48. Kd2 Kb4 49. Ne2 a4 50. Nd4 Bb1 51. bxa4 Bxa2 52. a5 bxa5 53. Nxe6 Bxc4 54. Nf4 a4 55. Kc2 a3 56. Kb1 Bf1 57. Nxh3 1/2-1/2

[Event "Espace Charenton"]
[Site "?"]
[Date "2005.07.17"]
[Round "8"]
[White "Romieux Sebastien"]
[Black "Reinaldo Castineira Roi"]
[Result "0-1"]
[WhiteElo "2238"]
[BlackElo "2447"]
[PlyCount "68"]
[EventDate "2005.??.??"]
[Source "www.chesslib.no"]
[SourceDate "2004.05.04"]

1. e4 c5 2. Nf3 d6 3. d4 Nf6 4. Nc3 cxd4 5. Nxd4 a6 6. Bg5 e6 7. f4 Be7 8. Qf3 Qc7 9. O-O-O h6 10. Qh3 Nc6 11. f5 Nxd4 12. Rxd4 b5 13. g4 Bd7 14. Be2 Rc8 15. Rhd1 e5 16. Bxf6 exd4 17. Bxd4 b4 18. Bxa6 bxc3 19. Bxc8 cxb2+ 20. Bxb2 Bxc8 21. Bxg7 Bg5+ 22. Kb1 Rg8 23. Qc3 Qxc3 24. Bxc3 Bf4 25. h3 Bb7 26. Rd4 Kd7 27. Bb4 Re8 28. e5 Bxe5 29. Rd1 Rc8 30. Re1 Rc4 31. Bd2 Be4 32. Rc1 Bc3 33. Bxc3 Rxc3 34. h4 Rg3 0-1

[Event "Wch U18"]
[Site "Szeged HUN"]
[Date "1994.??.??"]
[Round "9"]
[White "Vouldis, Angelos"]
[Black "Kempinski, Robert"]
[Result "1/2-1/2"]
[WhiteElo "2295"]
[BlackElo "2385"]
[PlyCount "142"]
[EventDate "1994.??.??"]
[Source "www.chesslib.no"]
[SourceDate "2004.05.04"]

1. e4 c5 2. Nf3 d6 3. d4 cxd4 4. Nxd4 Nf6 5. Nc3 a6 6. Bg5 e6 7. f4 Be7 8. Qd3 h6 9. Bh4 g5 10. fxg5 Nh5 11. O-O-O hxg5 12. Bf2 Nf4 13. Qg3 Nd7 14. Nce2 Qa5 15. Kb1 Nh5 16. Qb3 Qe5 17. Nf3 Qxe4 18. Ng3 Qc6 19. Nxh5 Rxh5 20. g4 Rh6 21. Bg2 Nc5 22. Qe3 Qe4 23. Qd2 Qxg4 24. Bxc5 dxc5 25. Ne5 Qf4 26. Qe2 Bf6 27. Nc4 Qc7 28. Rhf1 Bd7 29. Nd6+ Kf8 30. Rxf6 Rxf6 31. Qe5 Rg6 32. Nxf7 Rc8 33. Nd6 Kg8 34. Qe4 Rf6 35. Qg4 Rg6 36. h4 Rf8 37. hxg5 Bc6 38. Qh5 Qh7 39. Qg4 Bxg2 40. Qxg2 Qh5 41. Rc1 Qxg5 42. Qxb7 Qd5 43. Qxa6 e5 44. Nf5 Rxa6 45. Ne7+ Kf7 46. Nxd5 Rd6 47. c4 Ke6 48. Re1 Rf2 49. a4 Rd7 50. Ka2 Rb7 51. Rb1 Rc2 52. Nc3 Kd7 53. a5 Kc6 54. a6 Ra7 55. Kb3 Rh2 56. Ra1 Rh3 57. Re1 Re7 58. Rg1 Kb6 59. Rg6+ Ka5 60. Rc6 e4 61. a7 Rxa7 62. Rxc5+ Ka6 63. Rc6+ Kb7 64. Re6 e3 65. Re7+ Kb6 66. Rxa7 Kxa7 67. Kc2 Rh8 68. Kd3 Re8 69. b4 Kb7 70. Ke2 Kc6 71. Nd5 Re4 1/2-1/2

[Event "1st Sea Chess TCh, Kuala Lumpur MAI"]
[Site "?"]
[Date "2001.??.??"]
[Round "2"]
[White "Bitoon, R."]
[Black "Lim Chuing Hoong"]
[Result "0-1"]
[WhiteElo "2430"]
[BlackElo "2245"]
[PlyCount "54"]
[EventDate "2001.??.??"]
[Source "www.chesslib.no"]
[SourceDate "2004.05.04"]

1. e4 c5 2. Nf3 d6 3. d4 cxd4 4. Nxd4 Nf6 5. Nc3 a6 6. Bg5 e6 7. f4 Be7 8. Qf3 Qa5 9. O-O-O Bd7 10. Bd3 Nc6 11. Nb3 Qc7 12. Rhe1 h6 13. Bh4 Nxe4 14. Bxe7 Nxc3 15. Bxd6 Nxa2+ 16. Kb1 Qxd6 17. Kxa2 Qc7 18. Kb1 O-O-O 19. g3 Qb6 20. Be4 Kb8 21. Qc3 f6 22. Bxc6 Bxc6 23. Rxd8+ Rxd8 24. Nc5 Bd5 25. Qe3 Qc6 26. Nxe6 Bxe6 27. Qxe6 Rd1+ 0-1

[Event "Bohemians-B"]
[Site "Prague"]
[Date "1992.??.??"]
[Round "9"]
[White "Trichkov, Vasil"]
[Black "Danner, Georg"]
[Result "1-0"]
[WhiteElo "2315"]
[BlackElo "2355"]
[PlyCount "129"]
[EventDate "1992.??.??"]
[Source "ChessBase"]

1. e4 c5 2. Nf3 d6 3. d4 cxd4 4. Nxd4 Nf6 5. Nc3 a6 6. Bg5 e6 7. f4 Be7 8. Qf3 Qa5 9. O-O-O Bd7 10. Bd3 Nc6 11. Nb3 Qc7 12. Rhe1 h6 13. Bh4 Nxe4 14. Qxe4 Bxh4 15. Nd5 Qd8 16. g3 Be7 17. Nxe7 Qxe7 18. Qe3 O-O 19. Be4 Rfd8 20. g4 Be8 21. g5 hxg5 22. fxg5 Ne5 23. Nd4 Bc6 24. Bd3 Rac8 25. Kb1 Bd5 26. h4 Rc5 27. h5 Rdc8 28. Rg1 Nc6 29. g6 Nxd4 30. gxf7+ Qxf7 31. Qxd4 e5 32. Qh4 e4 33. Bxe4 Bxe4 34. Qxe4 Rxh5 35. Rxg7+ Kxg7 36. Qg4+ Kh6 37. Qxc8 d5 38. b3 Rg5 39. Rh1+ Kg6 40. Qh8 Qg7 41. Qe8+ Kf6 42. Rf1+ Rf5 43. Qd8+ Ke5 44. Qb8+ Ke4 45. Re1+ Kf3 46. Qh2 Qg2 47. Re3+ Kxe3 48. Qxg2 b5 49. Qg1+ Ke4 50. Qe1+ Kd4 51. Qb4+ Ke3 52. Qe7+ Kd4 53. Qa7+ Ke4 54. Qxa6 d4 55. Qe6+ Re5 56. Qc6+ Ke3 57. Kb2 Kf4 58. Qg2 Rc5 59. b4 Rc4 60. Qh2+ Ke3 61. a3 Ke4 62. Qh7+ Ke3 63. Qd3+ Kf2 64. Qf5+ Ke3 65. Qxb5 1-0

[Event "Espagne (championnat sub 20)"]
[Site "?"]
[Date "2004.07.19"]
[Round "3.1"]
[White "Pena Gomez Manuel"]
[Black "Ibarra Jerez Jose Carlos"]
[Result "1/2-1/2"]
[WhiteElo "2222"]
[BlackElo "2437"]
[PlyCount "36"]
[EventDate "2004.??.??"]
[Source "www.chesslib.no"]
[SourceDate "2004.05.04"]

1. e4 c5 2. Nf3 d6 3. d4 cxd4 4. Nxd4 Nf6 5. Nc3 a6 6. Bg5 e6 7. f4 Be7 8. Qf3 Qa5 9. O-O-O Bd7 10. g4 Nc6 11. Nb3 Qc7 12. Bh4 h6 13. Bg3 g5 14. e5 Nh7 15. exd6 Bxd6 16. Rxd6 Qxd6 17. fxg5 e5 18. Ne4 Qg6 1/2-1/2

[Event "St Chely d'Aubrac op 2nd"]
[Site "St Chely d'Aubrac"]
[Date "2002.07.02"]
[Round "6"]
[White "Boudre, Jean Pierre"]
[Black "Gerard, Nicolas"]
[Result "1/2-1/2"]
[WhiteElo "2398"]
[BlackElo "2260"]
[PlyCount "52"]
[EventDate "2002.06.27"]
[Source "ChessBase"]
[SourceDate "2002.09.11"]

1. e4 c5 2. Nf3 d6 3. d4 cxd4 4. Nxd4 Nf6 5. Nc3 a6 6. Bg5 e6 7. f4 Be7 8. Qe2 h6 9. Bxf6 Bxf6 10. O-O-O Qc7 11. g3 Bd7 12. Bg2 Nc6 13. Nxc6 Bxc6 14. Rd3 O-O 15. Qd2 Rfd8 16. Rd1 Rac8 17. a3 Be7 18. Kb1 b5 19. Ne2 Qb7 20. Qe3 a5 21. Nd4 b4 22. Nxc6 Qxc6 23. Qe2 Qb5 24. Bf3 Rb8 25. Rb3 Qc5 26. a4 Rdc8 1/2-1/2